Il paradiso in grembo (Record n. 209846)

Dettagli MARC
000 -LEADER
fixed length control field 01340nam a2200205Ia 4500
001 - CONTROL NUMBER
control field b7128-53167
003 - CONTROL NUMBER IDENTIFIER
control field IT-MiCISF
008 - FIXED-LENGTH DATA ELEMENTS--GENERAL INFORMATION
fixed length control field 161014s9999||||xx |||||||||||||| ||und||
040 ## - CATALOGING SOURCE
Original cataloging agency IT-MiCISF
Transcribing agency IT-MiCISF
041 ## - LANGUAGE CODE
Language code of text/sound track or separate title it
999 ## - SYSTEM CONTROL NUMBERS (KOHA)
Koha Dewey Subclass [OBSOLETE] si
100 ## - MAIN ENTRY--PERSONAL NAME
Personal name Lazzarini Paola
245 #0 - TITLE STATEMENT
Title Il paradiso in grembo
Remainder of title L'esperienza spirituale dell'allattamento
250 ## - EDITION STATEMENT
Edition statement 1a ed.
260 ## - PUBLICATION, DISTRIBUTION, ETC. (IMPRINT)
Place of publication, distribution, etc. Cantalupa (To)
Name of publisher, distributor, etc. Effatà
Date of publication, distribution, etc. 2015
300 ## - PHYSICAL DESCRIPTION
Extent pp.80
500 ## - GENERAL NOTE
General note / maternità, periodo-neonatale, alimentazione, rapporti-madre-figlio, spiritualità / Afferma l'A.: «Come madre so che ciò che do alla mia bambina non è solo latte, ma me stessa, fisicamente, affettivamente e spiritualmente: in quella dolce sostanza è contenuto simbolicamente e nei fatti il mio donarmi a lei. Non posso non pensare a tutti quei momenti nei quali Maria ha stretto a sé il suo bambino alimentandolo di se stessa, in un dialogo silenzioso e innamorato. L'arte ha provato a descriverli, ma credo che chi ha allattato sappia che è molto di più di quanto qualsiasi artista riesca a dire è la spiritualità dell'allattamento che Maria ci insegna, col suo tenere gli occhi fissi su Gesù, amandolo e donandosi a Lui, senza azioni eclatanti, ma con la semplice ripetitività di un gesto che dona vita».
650 ## - SUBJECT ADDED ENTRY--TOPICAL TERM
Topical term or geographic name as entry element genitorialità
942 ## - ADDED ENTRY ELEMENTS (KOHA)
Koha item type LIBRO
957 ## -
-- 1
999 ## - SYSTEM CONTROL NUMBERS (KOHA)
-- 1
Dati di copia
Withdrawn status Lost status Damaged status Not for loan Home library Current library Date acquired Total Checkouts Full call number Date last seen Price effective from Koha item type Public note
    Buone Condizioni Not For Loan CISF - Milano CISF - Milano 14/10/2016   b7128-53167 14/10/2016 14/10/2016 LIBRO Data import 15.10.2016 / by Epidotti, Vaglietti
CREDITS: SOCIETA' SAN PAOLO Via A.Severo, 58 - ROMA (RM) & PERIODICI SAN PAOLO SRL Via Giotto, 36 MILANO & CISF Via Giotto, 36 MILANO & EDIZIONI SAN PAOLO SRL,  Piazza Soncino, 5 CINISELLO BALSAMO (MI) -- ITALY